Encyclopaedia of women sports / (Record no. 17679)

MARC details
000 -LEADER
fixed length control field 006800000a22002050004500
005 - DATE AND TIME OF LATEST TRANSACTION
control field 20081029122032.0
008 - FIXED-LENGTH DATA ELEMENTS--GENERAL INFORMATION
fixed length control field 081029t xxu||||| |||| 00| 0 eng d
010 ## - LIBRARY OF CONGRESS CONTROL NUMBER
LC control number ENG-84341
020 ## - INTERNATIONAL STANDARD BOOK NUMBER
International Standard Book Number 8178792443
020 ## - INTERNATIONAL STANDARD BOOK NUMBER
Terms of availability 750.00 (hb)
035 ## - SYSTEM CONTROL NUMBER
System control number EN-67874
082 ## - DEWEY DECIMAL CLASSIFICATION NUMBER
Classification number 796.03 / JAI
100 ## - MAIN ENTRY--PERSONAL NAME
Personal name Jain, Rachna
245 ## - TITLE STATEMENT
Title Encyclopaedia of women sports /
Statement of responsibility, etc by Rachna Jain
260 ## - PUBLICATION, DISTRIBUTION, ETC. (IMPRINT)
Place of publication, distribution, etc New Delhi
Name of publisher, distributor, etc Sports Publication
260 ## - PUBLICATION, DISTRIBUTION, ETC. (IMPRINT)
Date of publication, distribution, etc 2005
300 ## - PHYSICAL DESCRIPTION
Extent 442p
Dimensions 22cm
942 ## - ADDED ENTRY ELEMENTS (KOHA)
Source of classification or shelving scheme Dewey Decimal Classification
Koha item type English Books
Classification part 796.03
Call number suffix JAI
Holdings
Withdrawn status Lost status Source of classification or shelving scheme Damaged status Not for loan Collection code Home library Current library Date acquired Cost, normal purchase price Total Checkouts Full call number Barcode Date last seen Copy number Cost, replacement price Price effective from Koha item type
    Dewey Decimal Classification   Not For Loan Non-fiction D.B.Act.Division D.B.Act.Division 02/03/2007 295.00   796.03 JAI EN-67874 04/11/2008 1 295.00 04/11/2008 English Books

© Delhi Public Library
Hit Counter
free hit counter